000 00488nam a2200193Ia 4500
003 GCL
008 140319s9999 xx 000 0 eng d
040 _aGCL /
_cGCL
082 0 4 _a581.24
_bB E
100 1 _aBLAKEMAN, J.P.
245 1 0 _aECOLOGY OF PLANT PATHOGENS /
_cBLAKEMAN, J.P.
700 1 _aWILLIAMSON, B.
260 _a[S.N] :
_bCAB INTERNATIONAL ،
_c1994
300 _a362 P
650 0 4 _aRELATIONSHIP
650 0 4 _aECOLOGY
650 0 4 _aPLANE PATHAGER
942 _2ddc
_cBK
999 _c14972
_d14972